000 00385nam a2200145Ia 4500
008 100122s9999 xx 000 0 und d
082 _b42100
_a823.08
100 _aमाळवदे रमण
245 _aबनाटी
260 _bमनोरमा प्रकाशन
_c1988
300 _a143
630 _aबनाटी
730 _aबनाटी
942 _cBOOK
999 _c422541
_d422538